එඩිය : 1947 නොවැම්බර් - 1 වෙළුම 1 කලාපය.
Ediya
Saved in:
| Format: | Book |
|---|---|
| Published: |
[තැ.නො.] :
[ප්ර.නො.],
[?].
|
| Tags: |
Add Tag
No Tags, Be the first to tag this record!
|
MARC
| LEADER | 00000nam a2200000 4500 | ||
|---|---|---|---|
| 003 | LK-CoNLD | ||
| 005 | 20250919151903.0 | ||
| 008 | 250919b |||||||| |||| 00| 0 ||| d | ||
| 015 | |2 slnb | ||
| 017 | |b LK-CoDNA | ||
| 040 | |a LK-CoNLD |b SIN |c LK-CoNLD |d LK-CoNLD | ||
| 082 | |2 23 |a 050 |q LK-CoNLD | ||
| 245 | |6 880-1 |a එඩිය : |b 1947 නොවැම්බර් - 1 වෙළුම 1 කලාපය. | ||
| 260 | |a [තැ.නො.] : |b [ප්ර.නො.], |c [?]. | ||
| 300 | |a පි. 04 ; |c සෙමි. 22. |b රෙක-නූබැ : රු.00.05 | ||
| 505 | |a 1) 1947 දෙසැම්බර් - 1 වෙළුම 2 කලාපය 2) 1948 ජනවාරි - 1 වෙළුම 3 කලාපය 3) 1948 පෙබරවාරි - 1 වෙළුම 4 කලාපය 4) 1948 මාර්තු - 1 වෙළුම 5 කලාපය 5) 1948 අප්රේල්, මැයි - 1 වෙළුම 6 කලාපය 6) 1948 ජුනි - 1 වෙළුම 7 කලාපය 7) 1948 ජූලි, අගෝස්තු - 1 වෙළුම 8 කලාපය 8) 1948 සැප්තැම්බර් - 1 වෙළුම 9 කලාපය 9) 1948 ඔක්තෝම්බර් - 1 වෙළුම 10 කලාපය 10) 1948 නොවැම්බර් - 1 වෙළුම 11 කලාපය 11) 1949 ජනවාරි - 1 වෙළුම 12 කලාපය 12) 1949 පෙබරවාරි, මාර්තු, අප්රේල් - 1 වෙළුම 1 කලාපය 13) 1949 මැයි, ජුනි - 2 වෙළුම 2 කලාපය 14) 1949 ජූලි - 2 වෙළුම 3 කලාපය 15) 1949 අගෝස්තු, සැප්තැම්බර් - 2 වෙළුම 4 කලාපය 16) 1949 ඔක්තෝම්බර්, නොවැම්බර් - 2 වෙළුම 5 කලාපය 17) 1950 ජනවාරි, පෙබරවාරි - 2 වෙළුම 6 කලාපය 18) 1950 මාර්තු, අප්රේල් - 2 වෙළුම 7 කලාපය 19) 1950 වෙසක් - 2 වෙළුම 8 කලාපය 20) 1950 ජුනි, ජූලි - 2 වෙළුම 9 කලාපය 21) 1950 ඔක්තෝම්බර් - 2 වෙළුම 10 කලාපය 22) 1951 ජනවාරි - 2 වෙළුම 11 කලාපය 23) 1951 පෙබරවාරි - 2 වෙළුම 12 කලාපය 24) 1951 සැප්තැම්බර් - 3 වෙළුම 1,2 කලාපය 25) 1951 ඔක්තෝම්බර් - 3 වෙළුම 3 කලාපය 26) 1951 නොවැම්බර් - 3 වෙළුම 4 කලාපය 27) 1951 දෙසැම්බර් 1952 ජනවාරි - 3 වෙළුම 5-6 කලාපය 28) 1952 අගෝස්තු - 3 වෙළුම 7 කලාපය 29) 1953 නොවැම්බර්- දෙසැම්බර් - 3 වෙළුම 8,9 කලාපය 30) 1955 ඔක්තෝම්බර් - 3 වෙළුම 10 කලාපය 31) 1957 අගෝස්තු - 3 වෙළුම 10 කලාපය 32) 1961 ඔක්තෝම්බර් - 4 වෙළුම 1 කලාපය 33) 1962 අප්රේල් - 4 වෙළුම 2 කලාපය 34) හෙලමඟ - 1951 අගෝස්තු 10 - 1 වෙළුම 1 කලාපය 35) හෙලමඟ - 1951 ඔක්තෝම්බර් 22 - 1 වෙළුම 2 කලාපය 36) හෙලමඟ - 1951 නොවැම්බර් 28 - 1 වෙළුම 3 කලාපය | ||
| 880 | |6 245-1 |a Ediya | ||
| 942 | |c PERIODICAL | ||
| 945 | |a 21055 |b M. G. D. NAWODA |c 21055 |d M. G. D. NAWODA | ||
| 999 | |c 293002 |d 293002 | ||